01669nam a2200409 i 450000100060000000300080000600500170001400600190003100700150005000800410006502000280010603500220013404000310015605000220018708000110020908200140022024501450023426400410037930000410042033600310046133700330049233800430052549000530056850000220062158800830064359001620072665000170088865000340090565500270093970000460096670000540101270000410106679700180110783000540112585600630117999900170124239213FINmELB20241216221637.0m o d | cr cnu||||||||240324s2023 sp o 001 0 spa d a9788411707145q(e-book) a(OCoLC)1431002063 aFINmELBbspaerdacFINmELB 4aLB1028bF723 2023 a37.01304a370.722300aFormación e investigación educativa /cHegira Ramírez Padilla, María Belén Morales Cevallos, Eloy López Meneses (coordinadores). 1aMadrid :bEditorial Dykinson,c2023. a1 recurso en línea (114 páginas) atextobtxt2rdacontent/spa acomputadorabc2rdamedia/spa arecurso en líneabcr2rdacarrier/spa1 aColección en Innovación en Ciencias Sociales aIncluye índice. aDescripción basada en metadatos suministrados por el editor y otras fuentes. aRecurso electrónico. Santa Fe, Arg.: elibro, 2024. Disponible vía World Wide Web. El acceso puede estar limitado para las bibliotecas afiliadas a elibro. 4aEducación. 4aEducaciónxInvestigación. 4aLibros electrónicos.1 aRamírez Padilla, Hegira,ecoordinadora.1 aMorales Cevallos, María Belén,ecoordinadora.1 aLópez Meneses, Eloy,ecoordinador.2 aelibro, Corp. 0aColección en Innovación en Ciencias Sociales.40uhttps://elibro.net/ereader/politecnicointernacional/251915 c39213d39213